Gold, Silver, or Iron? Quiz Stats

 Plays Quiz not verified by Sporcle

Challenge
Share
Tweet
Embed
Score 0/36 Timer 01:30
0 Plays Today
Item Metal % Correct
The _____ Lady???
100%
Fool's ______???
97.4%
_____ Maiden???
97.4%
_____finger???
97.4%
_____ Man???
94.7%
The _____ Rush???
94.7%
Long John ______???
94.7%
_____ Chef America???
94.7%
_______ Linings Playbook???
94.7%
The ______ Giant???
92.1%
Austin Powers in _____member???
92.1%
Quick________???
92.1%
The ______ Curtain???
92.1%
________ado???
92.1%
Woman in ______???
89.5%
______ Will???
86.8%
Velvet ______mine???
86.8%
The Man with the _______ Fists???
84.2%
Item Metal % Correct
The Man in the ______ Mask???
81.6%
Saving _______man???
81.6%
_______ City???
78.9%
______ Spoons???
78.9%
Cross of ______???
76.3%
Michael ______side???
76.3%
Pumping ______???
73.7%
Mackenna's ______???
73.7%
Jeremy ______s???
71.1%
_______hawks???
71.1%
_____enEye???
71.1%
Fantastic 4: Rise of the _______ Surfer???
68.4%
_____clad???
68.4%
Sarah ______man???
68.4%
_____ Jawed Angels???
65.8%
_____weed???
65.8%
Ulee's ______???
63.2%
Grid______ Gang???
60.5%

You're not logged in!

Compare scores with friends on all Sporcle quizzes.
Join for Free
OR
Log In

You Might Also Like...

Show Comments

Extras

Created Jul 2, 2015ReportNominate
Tags:culture, either, gold, iron, item, metal, pop, silver

Top Quizzes Today


Score Distribution

Your Account Isn't Verified!

In order to create a playlist on Sporcle, you need to verify the email address you used during registration. Go to your Sporcle Settings to finish the process.

Report this User

Report this user for behavior that violates our Community Guidelines.

Details: